000 00497nam a2200181Ia 4500
008 100917s9999 xx 000 0 und d
082 _b63014
100 _aखाडीलकर उषा
245 _aही नव्हे ती
260 _bत्रदिल प्रकाशन
_c1983
300 _a22
365 _b2
520 _aनाटक
630 _aही नव्हे ती
650 _aनाटक
730 _aही नव्हे ती
942 _cBOOK
999 _c668408
_d668405